00241nam a2200085Ia 4500008004100000100001600041245005400057260003500111260000900146170620s9999 xx 000 0 und d aRuhela- S.P 0aIndia`s National Education Policy and Development bNew Delhi- Neelkamal Pvt. Ltd. c2010